[Event "Chequers Masters"]
[Site "London"]
[Date "1985.04.14"]
[Round "9"]
[White "Orr, Mark JL"]
[Black "Gallagher, Joseph G"]
[Result "1/2-1/2"]
[WhiteElo "2320"]
[BlackElo "2370"]
[PlyCount "30"]
[EventDate "1985.04.06"]
[EventType "tourn"]
[EventRounds "9"]
[EventCountry "ENG"]
[EventCategory "6"]
[SourceTitle "BritBase"]
[Source "John Saunders"]
[SourceDate "2020.09.07"]
[SourceVersion "1"]
[SourceVersionDate "2020.09.07"]
[SourceQuality "2"]

1. Nf3 Nf6 2. g3 g6 3. Bg2 Bg7 4. O-O O-O 5. c4 d6 6. d4 Nbd7 7. Nc3 e5 8. e4
c6 9. h3 Qb6 10. dxe5 dxe5 11. Qc2 Re8 12. b3 Nf8 13. Na4 Qc7 14. Ba3 Ne6 15.
Rfd1 c5 1/2-1/2